LEADER 01025nam0-22003251i-450- 001 990004051580403321 005 20070221105457.0 035 $a000405158 035 $aFED01000405158 035 $a(Aleph)000405158FED01 035 $a000405158 100 $a19990604d1980----km-y0itay50------ba 101 0 $aita 105 $ay-------00-y- 200 1 $aTeorica e metodologia$escritti editi e inediti di paleografia diplomatica, archivistica e biblioteconomia$fdi Leopoldo Cassese$ga cura di Attilio Mauro Caproni 210 $aSalerno$cPietro Laveglia$d1980 215 $a393 p.$d22 cm 610 0 $aArchivistica$aManuali 610 0 $aPaleografia e diplomatica$aStudi 676 $a417.7 676 $a025.171 700 1$aCassese,$bLeopoldo$f<1901-1960>$0155229 702 1$aCaproni,$bAttilio Mauro 801 0$aIT$bUNINA$gRICA$2UNIMARC 901 $aBK 912 $a990004051580403321 952 $a025.17 CAS 1$bD.D.S. 859$fFLFBC 959 $aFLFBC 996 $aTeorica e metodologia$9469164 997 $aUNINA LEADER 01163nam a2200325 i 4500 001 991000656219707536 005 20020507171842.0 008 960220s1908 ne ||| | eng 020 $a0444863656 035 $ab10738885-39ule_inst 035 $aLE01300257$9ExL 040 $aDip.to Matematica$beng 082 0 $a511.6 084 $aAMS 05-XX 084 $aAMS 05E 084 $aQA164.A4 100 1 $aMendelsohn, Eric$0534542 245 10$aAlgebraic and geometric combinatorics /$ceditor Eric Mendelsohn 260 $aAmsterdam ; New York ; Oxford :$bNorth-Holland,$c19082 300 $axiii, 378 p. :$bill. ;$c24 cm 490 0 $aAnnals of discrete mathematics ;$v15 490 0 $aNorth-Holland mathematics studies,$x0304-0208 ;$v65 500 $aIncludes bibliographies 650 0$aCombinatorial analysis 907 $a.b10738885$b23-02-17$c28-06-02 912 $a991000656219707536 945 $aLE013 05-XX MEN11 (1982)$g1$i2013000042725$lle013$o-$pE0.00$q-$rl$s- $t0$u1$v0$w1$x0$y.i10829623$z28-06-02 996 $aAlgebraic and geometric combinatorics$9911012 997 $aUNISALENTO 998 $ale013$b01-01-96$cm$da $e-$feng$gne $h0$i1 LEADER 01251nam a2200265 a 4500 001 991000715509707536 008 060630s1999 enk 000 0 eng d 020 $a0580171752 035 $ab13900183-39ule_inst 040 $aDip.to Ingegneria dell'Innovazione$beng 082 0 $a612.014 245 00$aGuide to safety aspects of experiments in which people are exposed to mechanical vibration and shock :$bBS 7085: 1989 /$cBSI 246 13$aBS 7085: 1989 260 $aLondon :$bBritish Standards Institution,$cc1999 300 $aii, 16 p. ;$c28 cm 440 0$aBritish Standard ;$vBS 7085: 1989 500 $aPrepared by the General Mechanical Engineering Standards Policy Committee (GME/-) to Technical Committee GME/21 650 4$aVibration$xPhysiological effect$xStandards 650 4$aHuman engineering$xStandards 907 $a.b13900183$b04-07-13$c04-05-10 912 $a991000715509707536 945 $aLE026 NOR BS 7085 1989$g1$i2026000030906$lle026$nProf. Messina / Biblioteca$op$pE171.58$q-$rn$s- $t1$u2$v0$w2$x0$y.i15123686$z05-05-10 996 $aGuide to safety aspects of experiments in which people are exposed to mechanical vibration and shock$9227495 997 $aUNISALENTO 998 $ale026$b30-06-06$cm$da $e-$feng$git $h0$i0